000 00525nam a2200229Ia 4500
003 OSt
005 20220916111010.0
006 a|||||r|||| 00| 0
007 ta
008 220915b |||||||| |||| 00| 0 eng d
024 _a93402
037 _cTextbook
040 _beng
_aARTS
_cARTS
041 _aeng
082 _aU:63:N5, J2
100 _aYoung F B
245 0 _aIn South Africa
260 _c1952
650 _aGEOGRAPHY
942 _hU:63:N5, J2
_cTB
_2CC
999 _c102978
_d102978